000 01201cam a2200265 i 4500
003 SA-RiAUC
005 20241007080735.0
008 240928s1997 le g 00000bara c
040 _aSA-RiAUC
_bara
_cSA-RiAUC
_erda
082 0 4 _a928.1
_qSA-RiAUC
090 _a928.1
_bد ا ي
100 1 _aالداية، محمد رضوان،
_d1938-
_eمؤلف.
245 1 0 _aسعيد بن جودي السعدي الألبيري الأندلسي :
_bأحد ثوار الدعوة العربية وشعرائها بالأندلس : سيرته ومجموع شعره /
_cمحمد رضوان الداية.
250 _aالطبعة الأولى.
264 1 _aبيروت :
_bدار الفكر المعاصر،
_c1997
300 _a126 صفحة ؛
_c24 سم
336 _aنص
_btxt
_2rdacontent
_3كتاب
337 _aبدون وسيط
_bn
_2rdamedia
338 _aمجلد
_bnc
_2rdacarrier
600 1 7 _aابن جودي، سعيد بن سليمان،
_dتوفي 284 هجري
_2aucnm
650 7 _aالشعراء العرب
_zالأندلس
_vتراجم
_2aucsh
650 7 _aالشعر العربي
_zالأندلس
_xتاريخ ونقد
_2aucsh
942 _2ddc
_cBOOK
_n0
949 _aSA-JeALM
_d240928
_umohamedma123
_n1
999 _c975
_d975